[Event "FRA T U 20"]
[Site "Montpellier"]
[Date "2009.11.29"]
[Round "2.3"]
[White "Lamard, Guillaume"]
[Black "Chardon, Xavier"]
[Result "1-0"]
[WhiteElo "2138"]
[BlackElo "1654"]
[PlyCount "43"]
[EventDate "2009.??.??"]
[EventType "team-match"]
[EventCountry "FRA"]

1. d4 d5 2. Nf3 Nf6 3. c4 c6 4. e3 e6 5. b3 Nbd7 6. Bb2 Bb4+ 7. Nbd2 Ne4 8. a3
Nxd2 9. Nxd2 Bd6 10. e4 O-O 11. e5 Bc7 12. Bd3 f6 13. Nf3 fxe5 14. dxe5 Qe8 15.
O-O c5 16. cxd5 exd5 17. Re1 Qe6 18. Bxh7+ Kh8 19. Bc2 b6 20. Qd3 Qg8 21. Ng5
Nb8 22. e6 1-0

[Event "FRA T U 20"]
[Site "Montpellier"]
[Date "2009.11.29"]
[Round "2.4"]
[White "Agussol, Lucas"]
[Black "Haussernot, Cecile"]
[Result "0-1"]
[WhiteElo "1531"]
[BlackElo "1977"]
[PlyCount "72"]
[EventDate "2009.??.??"]
[EventType "team-match"]
[EventCountry "FRA"]

1. Nf3 Nf6 2. d4 g6 3. c3 Bg7 4. Bf4 d6 5. Nbd2 O-O 6. e3 b6 7. Be2 Bb7 8. O-O
Nbd7 9. Qc2 c5 10. Ng5 e5 11. dxe5 dxe5 12. Bg3 Qe7 13. Bf3 Bxf3 14. Ngxf3 b5
15. c4 b4 16. e4 Ne8 17. Ne1 Nc7 18. Nd3 Ne6 19. Nb3 a5 20. a4 bxa3 21. Rxa3 a4
22. Nd2 Nd4 23. Qd1 Nb6 24. f4 f6 25. Bf2 Rad8 26. Nf3 Nxc4 27. Rxa4 Nxf3+ 28.
gxf3 Nxb2 29. Bxc5 Qxc5+ 30. Nxc5 Rxd1 31. Rxd1 Nxd1 32. Ra7 Bh6 33. Nd7 Rf7
34. Ra8+ Kg7 35. fxe5 Rxd7 36. exf6+ Kxf6 0-1

[Event "FRA T U 20"]
[Site "Montpellier"]
[Date "2009.11.29"]
[Round "2.5"]
[White "Froment, Theophile"]
[Black "Apap, Hugo"]
[Result "1-0"]
[WhiteElo "1839"]
[BlackElo "1600"]
[PlyCount "105"]
[EventDate "2009.??.??"]
[EventType "team-match"]
[EventCountry "FRA"]

1. e4 d5 2. exd5 Qxd5 3. Nc3 Qa5 4. d4 Nf6 5. Nf3 c6 6. Bc4 Bf5 7. Bd2 e6 8.
Nd5 Qd8 9. Nxf6+ gxf6 10. Qe2 Qc7 11. O-O-O Nd7 12. Rhe1 O-O-O 13. Nh4 Bg6 14.
Qf3 Nb6 15. Bb3 Rg8 16. Nxg6 hxg6 17. Rxe6 Be7 18. Bf4 Qd7 19. Ree1 Rgf8 20. d5
g5 21. dxc6 Qxc6 22. Qxc6+ bxc6 23. Rxe7 Rxd1+ 24. Kxd1 gxf4 25. Rxf7 Rxf7 26.
Bxf7 Kd7 27. Ke2 Kd6 28. h4 Nd7 29. h5 Nf8 30. Kf3 Ke5 31. b4 f5 32. Bg6 Nxg6
33. hxg6 Kf6 34. Kxf4 Kxg6 35. c4 Kf6 36. b5 cxb5 37. cxb5 Ke6 38. a4 Kd5 39.
a5 Kc5 40. b6 axb6 41. axb6 Kxb6 42. Kxf5 Kc5 43. g4 Kd6 44. Kf6 Kd7 45. g5 Ke8
46. f4 Kf8 47. g6 Kg8 48. g7 Kh7 49. Kf7 Kh6 50. g8=Q Kh5 51. Qg3 Kh6 52. Qg5+
Kh7 53. Qg7# 1-0

[Event "FRA T U 20"]
[Site "Montpellier"]
[Date "2009.11.29"]
[Round "2.6"]
[White "Arnaud Audiffren, Alexandre"]
[Black "Meunier, Clement"]
[Result "0-1"]
[WhiteElo "1470"]
[BlackElo "1800"]
[PlyCount "68"]
[EventDate "2009.??.??"]
[EventType "team-match"]
[EventCountry "FRA"]

1. d4 Nf6 2. Bf4 g6 3. e3 Bg7 4. Nf3 O-O 5. h3 d6 6. Nbd2 b6 7. Be2 c5 8. c3
Bb7 9. O-O Nbd7 10. Re1 Rc8 11. Rc1 Rc7 12. Bb5 Qa8 13. c4 Ne4 14. d5 Nxd2 15.
Qxd2 a6 16. Bxd7 Rxd7 17. b3 e6 18. e4 b5 19. Bh6 e5 20. Bxg7 Kxg7 21. Rb1 b4
22. Nh2 f5 23. exf5 gxf5 24. Qg5+ Kh8 25. Nf3 Rg7 26. Qh6 Qd8 27. h4 Qf6 28.
Qxf6 Rxf6 29. Ng5 Bc8 30. Rf1 h6 31. Nf3 f4 32. Nd2 Rfg6 33. g3 Bf5 34. Rfe1
Bd3 0-1

[Event "FRA T U 20"]
[Site "Montpellier"]
[Date "2010.??.??"]
[Round "3.1"]
[White "Domenech, Vianney"]
[Black "Thon, Gabriel"]
[Result "0-1"]
[WhiteElo "2018"]
[BlackElo "2046"]
[PlyCount "64"]
[EventDate "2010.??.??"]
[EventType "team-match"]
[EventCountry "FRA"]

1. d4 d5 2. Bf4 Nf6 3. e3 c5 4. c3 e6 5. Nd2 Be7 6. Bd3 Nc6 7. Ngf3 O-O 8. Ne5
Nd7 9. h4 Ndxe5 10. dxe5 d4 11. exd4 cxd4 12. Ne4 dxc3 13. bxc3 Qa5 14. Kf1 Rd8
15. Rh3 Nxe5 16. Qh5 Rxd3 17. Rxd3 Qa6 18. Qxe5 Qxd3+ 19. Kg1 Bd7 20. Re1 Bc6
21. Ng5 Bf6 22. Qc7 Rf8 23. Re3 Qd5 24. Rg3 e5 25. Be3 Bd8 26. Qc8 Qd1+ 27. Kh2
Bxg5 28. Qf5 Bxe3 29. fxe3 Qd6 30. h5 g6 31. h6 Qe6 32. Qf2 f5 0-1

[Event "FRA T U 20"]
[Site "Montpellier"]
[Date "2010.??.??"]
[Round "3.2"]
[White "Gueriche, Guillaume"]
[Black "Thinon, Lucas"]
[Result "1-0"]
[WhiteElo "2052"]
[BlackElo "1637"]
[PlyCount "77"]
[EventDate "2010.??.??"]
[EventType "team-match"]
[EventCountry "FRA"]

1. d4 d5 2. c4 c6 3. Nf3 Nf6 4. Nc3 e6 5. e3 Nbd7 6. Bd3 dxc4 7. Bxc4 b5 8. Bd3
a6 9. O-O c5 10. a4 b4 11. Ne2 Be7 12. b3 Bb7 13. Ng3 O-O 14. Bb2 a5 15. Re1
Ba6 16. Bxa6 Rxa6 17. Rc1 Rc6 18. e4 Nb6 19. Qd3 Qc7 20. d5 exd5 21. e5 c4 22.
Qe2 Nfd7 23. Nd4 Rg6 24. Nb5 Qc6 25. Nf5 Bc5 26. Bd4 Re8 27. Qf3 Bxd4 28. Nfxd4
Qc5 29. Qf4 Nf8 30. Nd6 Re7 31. N4f5 Rd7 32. Qh4 Re6 33. Qg5 g6 34. Re3 d4 35.
Re4 Qd5 36. Nh6+ Kg7 37. Ne8+ Kh8 38. Nf6 Rxf6 39. Qxf6# 1-0

[Event "FRA T U 20"]
[Site "Montpellier"]
[Date "2010.??.??"]
[Round "3.3"]
[White "Chardon, Xavier"]
[Black "Malka, Samuel"]
[Result "0-1"]
[WhiteElo "1654"]
[BlackElo "1896"]
[PlyCount "104"]
[EventDate "2010.??.??"]
[EventType "team-match"]
[EventCountry "FRA"]

1. g3 c5 2. Nf3 g6 3. Bg2 Bg7 4. O-O Nc6 5. d3 e5 6. e4 Nge7 7. Nc3 d6 8. Nh4
O-O 9. f4 f5 10. fxe5 dxe5 11. exf5 gxf5 12. Bg5 Be6 13. Ne2 Qd7 14. Qd2 Nd4
15. Nxd4 cxd4 16. Bh3 e4 17. Bxe7 Qxe7 18. Bxf5 e3 19. Bxe6+ Qxe6 20. Qe2 Rac8
21. Rxf8+ Rxf8 22. Rf1 Rxf1+ 23. Kxf1 Qxa2 24. b3 Qa1+ 25. Kg2 Qc3 26. Nf5 b5
27. Qg4 Qxc2+ 28. Kh3 Qc7 29. Nxg7 Qxg7 30. Qe6+ Qf7 31. Qg4+ Qg6 32. Qc8+ Kg7
33. Qc7+ Qf7 34. Qe5+ Kg6 35. Kg4 Qd7+ 36. Kf4 h6 37. b4 Qc6 38. Qf5+ Kg7 39.
Qg4+ Qg6 40. Qd7+ Qf7+ 41. Qxf7+ Kxf7 42. Kf3 h5 43. h3 Ke6 44. Ke2 Kf5 45. Kf3
h4 46. g4+ Kg5 47. Ke2 Kf4 48. Ke1 a5 49. bxa5 b4 50. a6 b3 51. Kd1 b2 52. Kc2
e2 0-1

[Event "FRA T U 20"]
[Site "Montpellier"]
[Date "2010.??.??"]
[Round "3.4"]
[White "Bombail, Leonard"]
[Black "Agussol, Lucas"]
[Result "1/2-1/2"]
[WhiteElo "1654"]
[BlackElo "1531"]
[PlyCount "95"]
[EventDate "2010.??.??"]
[EventType "team-match"]
[EventCountry "FRA"]

1. f4 e5 2. fxe5 d6 3. exd6 Bxd6 4. Nf3 Nf6 5. d4 O-O 6. Qd3 Re8 7. Bg5 h6 8.
Bh4 Nc6 9. c3 Bg4 10. Nbd2 Bf4 11. Bf2 Qd5 12. c4 Bxd2+ 13. Nxd2 Qh5 14. a3 Bf5
15. Qf3 Qg6 16. Qg3 Qxg3 17. hxg3 Ng4 18. Nf3 Na5 19. Rc1 Bd3 20. b4 Nxc4 21.
Rc3 Nb2 22. Rb3 Nd1 23. Kxd1 Nxf2+ 24. Ke1 Nxh1 25. Rxd3 Nxg3 26. e3 Nf5 27.
Kf2 Nd6 28. Nd2 Ne4+ 29. Nxe4 Rxe4 30. Rc3 c6 31. b5 Rae8 32. bxc6 bxc6 33. a4
c5 34. Bb5 cxd4 35. exd4 Rd8 36. Rc7 a6 37. Bxa6 Rexd4 38. Bb5 Ra8 39. Bc6 Rc4
40. Bxa8 Rxc7 41. Bf3 Ra7 42. Bc6 g5 43. Kf3 f5 44. Ke3 f4+ 45. Kd4 g4 46. Ke4
Ra6 47. Bd7 Rf6 48. Bxg4 1/2-1/2

[Event "FRA T U 20"]
[Site "Montpellier"]
[Date "2010.??.??"]
[Round "3.1"]
[White "Toullec, Renan"]
[Black "Giroyan, Gary"]
[Result "0-1"]
[WhiteElo "1715"]
[BlackElo "2176"]
[PlyCount "85"]
[EventDate "2010.??.??"]
[EventType "team-match"]
[EventCountry "FRA"]

1. e4 c5 2. d4 cxd4 3. c3 g6 4. cxd4 d5 5. e5 Bg7 6. Nc3 f6 7. f4 Nh6 8. Bb5+
Nc6 9. Nf3 O-O 10. O-O Be6 11. Bxc6 bxc6 12. Na4 Bf5 13. Nc5 Qb6 14. e6 Rfd8
15. h3 Be4 16. g4 Kh8 17. a3 a5 18. Kh2 Ra7 19. b3 Qb8 20. Kg1 g5 21. Qe2 f5
22. Ne5 Bxe5 23. fxe5 f4 24. Bd2 Rg8 25. b4 Bg6 26. Qf2 a4 27. Rac1 Rg7 28. Rc3
Qb5 29. Rfc1 Ng8 30. Qf1 h5 31. Nd3 hxg4 32. hxg4 Rh7 33. Nf2 Qb6 34. Rxc6 Qxd4
35. Bc3 Qe3 36. Re1 Qg3+ 37. Qg2 Rh4 38. Qxg3 fxg3 39. Nh1 Rxg4 40. Re3 d4 41.
Bxd4 Rxd4 42. Nxg3 Rd1+ 43. Kh2 0-1

[Event "FRA T U 20"]
[Site "Montpellier"]
[Date "2010.??.??"]
[Round "3.2"]
[White "Neri, Jean Baptiste"]
[Black "Bouyssieres, Max"]
[Result "1-0"]
[WhiteElo "2027"]
[BlackElo "1702"]
[PlyCount "97"]
[EventDate "2010.??.??"]
[EventType "team-match"]
[EventCountry "FRA"]

1. e4 e5 2. Nf3 Nc6 3. Bb5 a6 4. Ba4 Nf6 5. d3 b5 6. Bb3 Be7 7. Nbd2 d6 8. c3
O-O 9. Nf1 Na5 10. Bc2 c5 11. Ng3 Qc7 12. O-O Nc6 13. Re1 a5 14. a4 b4 15. h3
Bd7 16. Bb3 Nd8 17. d4 exd4 18. Bd5 Nxd5 19. exd5 Re8 20. cxd4 c4 21. Bf4 Nb7
22. Rc1 Bf8 23. Rxe8 Rxe8 24. Nd2 c3 25. bxc3 bxc3 26. Nde4 Qc4 27. Nxc3 f5 28.
Nb5 Qb4 29. Bd2 Qb2 30. Qc2 Qxc2 31. Rxc2 Rc8 32. Rxc8 Bxc8 33. Na7 Bd7 34. Nc6
g6 35. Nf1 Kf7 36. Ne3 Bh6 37. Kf1 Ke8 38. Ke2 Nd8 39. Nc4 Bxd2 40. Nxd6+ Kf8
41. Nxd8 Bb4 42. Nb5 Ke8 43. Nc6 Bf8 44. Nxa5 Kd8 45. Kd3 Kc8 46. Kc4 Be7 47.
Nc6 Bh4 48. Kc5 Bxf2 49. Kb6 1-0

[Event "FRA T U 20"]
[Site "Montpellier"]
[Date "2009.11.29"]
[Round "3.3"]
[White "Wassen, Antoine"]
[Black "Lamard, Guillaume"]
[Result "0-1"]
[WhiteElo "1691"]
[BlackElo "2138"]
[PlyCount "92"]
[EventDate "2009.??.??"]
[EventType "team-match"]
[EventCountry "FRA"]

1. d4 Nf6 2. c4 e6 3. Nc3 Bb4 4. a3 Bxc3+ 5. bxc3 O-O 6. Bg5 h6 7. Bh4 b6 8.
Nf3 d5 9. e3 Ba6 10. Nd2 Nbd7 11. Be2 c5 12. cxd5 Bxe2 13. Qxe2 exd5 14. O-O
Qe7 15. a4 Rac8 16. Rac1 Rc6 17. Qd3 Rfc8 18. Qb1 Qe6 19. Rfe1 Ne4 20. Nxe4
dxe4 21. Red1 cxd4 22. cxd4 Rxc1 23. Rxc1 Rxc1+ 24. Qxc1 Qb3 25. Qa1 b5 26.
axb5 Qxb5 27. h3 a5 28. Be7 Nb6 29. Qa3 Nc4 30. Qc3 Qb1+ 31. Kh2 Qd3 32. Qc1 a4
33. Bb4 Qb3 34. Bc3 a3 35. d5 f6 36. Ba1 a2 37. h4 h5 38. g3 Kf7 39. Kg2 Ke7
40. Kh2 Kd6 41. Kg2 Kxd5 42. Kh2 Qd3 43. Kg2 Qd2 44. Qg1 Nxe3+ 45. Kh3 Qd1 46.
Qh2 Qg4# 0-1

[Event "FRA T U 20"]
[Site "Montpellier"]
[Date "2009.11.29"]
[Round "3.4"]
[White "Haussernot, Cecile"]
[Black "Dupouy, Francois"]
[Result "0-1"]
[WhiteElo "1977"]
[BlackElo "1843"]
[PlyCount "76"]
[EventDate "2009.??.??"]
[EventType "team-match"]
[EventCountry "FRA"]

1. e4 e6 2. d3 d5 3. Nd2 c5 4. g3 Nf6 5. Bg2 Nc6 6. Ngf3 Be7 7. O-O O-O 8. Re1
b5 9. e5 Nd7 10. Nf1 a5 11. Bf4 b4 12. h4 a4 13. Qd2 Ba6 14. h5 Qb6 15. h6 g6
16. N1h2 b3 17. axb3 axb3 18. Ng4 Rfb8 19. c3 d4 20. Bg5 Bf8 21. Bf6 dxc3 22.
Qxc3 Qb4 23. Qc1 Bxd3 24. Rxa8 Rxa8 25. Qg5 Nd4 26. Kh2 Nxf3+ 27. Bxf3 Qxe1 28.
Bxa8 Bf5 29. Kg2 Bxg4 30. Qxg4 Nxf6 31. exf6 Qa1 32. Qf3 Qxb2 33. Bc6 c4 34.
Be8 Bxh6 35. Qc6 Be3 36. Qxc4 Qxf2+ 37. Kh3 Qf5+ 38. Kg2 Qc2+ 0-1

[Event "FRA T U 20"]
[Site "Montpellier"]
[Date "2009.11.29"]
[Round "3.5"]
[White "Jouanneau, Gatien"]
[Black "Froment, Theophile"]
[Result "0-1"]
[WhiteElo "1400"]
[BlackElo "1839"]
[PlyCount "68"]
[EventDate "2009.??.??"]
[EventType "team-match"]
[EventCountry "FRA"]

1. e4 c5 2. Nf3 e6 3. Nc3 Nf6 4. Bc4 d5 5. exd5 exd5 6. Bb5+ Nc6 7. d4 a6 8.
Bxc6+ bxc6 9. Na4 Qa5+ 10. c3 Bd6 11. a3 c4 12. b4 Qc7 13. Bg5 Ne4 14. Qe2 O-O
15. g3 Bg4 16. h3 Bxf3 17. Qxf3 Nxg5 18. Qh5 Rfe8+ 19. Kd2 Ne4+ 20. Kc2 g6 21.
Qg4 Nxf2 22. Qf3 Nxh1 23. Rxh1 Qe7 24. Rh2 Qe4+ 25. Qxe4 Rxe4 26. Nb6 Rae8 27.
Nd7 Kg7 28. Kd1 Re1+ 29. Kd2 Bxg3 30. Rg2 Bf4+ 31. Kc2 R8e2+ 32. Rxe2 Rxe2+ 33.
Kb1 Bd6 34. h4 f5 0-1

[Event "FRA T U 20"]
[Site "Montpellier"]
[Date "2009.11.29"]
[Round "3.6"]
[White "Meunier, Clement"]
[Black "Bertrand, Marin"]
[Result "1-0"]
[WhiteElo "1800"]
[BlackElo "1430"]
[PlyCount "51"]
[EventDate "2009.??.??"]
[EventType "team-match"]
[EventCountry "FRA"]

1. e4 e5 2. Nf3 Nc6 3. Bb5 a6 4. Ba4 Nf6 5. O-O Be7 6. Re1 d6 7. c3 Bg4 8. d3
O-O 9. Nbd2 b5 10. Bb3 a5 11. Nf1 a4 12. Bc2 Qd7 13. Ng3 d5 14. h3 Bxf3 15.
Qxf3 d4 16. Nf5 Rfe8 17. Bh6 g6 18. Nxe7+ Qxe7 19. Bg5 Qe6 20. Bxf6 a3 21. Bb3
Qd6 22. bxa3 Rxa3 23. Bxf7+ Kf8 24. Bd5 Qd7 25. Bxe5+ Ke7 26. Qf6# 1-0

[Event "FRA T U 20"]
[Site "Creteil"]
[Date "2009.??.??"]
[Round "1.1"]
[White "Saatdjian, Stephane"]
[Black "Romero, Vladimir"]
[Result "1-0"]
[WhiteElo "1979"]
[BlackElo "1778"]
[PlyCount "93"]
[EventDate "2009.??.??"]
[EventType "team-match"]
[EventCountry "FRA"]

1. e4 c5 2. Nf3 Nc6 3. Bb5 Nf6 4. d3 g6 5. Bxc6 dxc6 6. h3 Bg7 7. Nc3 Nd7 8.
Be3 Qb6 9. Rb1 Qc7 10. O-O f6 11. Nh2 e5 12. f4 b6 13. Qd2 Bb7 14. a3 O-O-O 15.
b4 cxb4 16. axb4 Rhf8 17. b5 c5 18. Nd5 Bxd5 19. exd5 f5 20. c4 Rde8 21. Nf3
Bf6 22. Rbe1 Re7 23. fxe5 Nxe5 24. Ng5 Rfe8 25. Ne6 Qd7 26. Bf4 Nf7 27. Bg3
Rxe6 28. dxe6 Rxe6 29. Rxe6 Qxe6 30. Re1 Bd4+ 31. Kh1 Qf6 32. Qf4 Be5 33. Rxe5
Nxe5 34. Qxe5 Qxe5 35. Bxe5 Kb7 36. Kh2 a6 37. Kg3 a5 38. Kf4 Kc8 39. Kg5 Kd7
40. Kh6 a4 41. Bb2 Ke6 42. Kxh7 g5 43. Kg6 a3 44. Bxa3 Ke5 45. Kxg5 Kd4 46. h4
Kxd3 47. Bxc5 1-0

[Event "FRA T U 20"]
[Site "Creteil"]
[Date "2009.??.??"]
[Round "1.2"]
[White "Clement, Alexandre"]
[Black "Msellek, Ilyass"]
[Result "0-1"]
[WhiteElo "1805"]
[BlackElo "1973"]
[PlyCount "118"]
[EventDate "2009.??.??"]
[EventType "team-match"]
[EventCountry "FRA"]

1. e4 c5 2. Nf3 Nc6 3. d4 cxd4 4. Nxd4 e5 5. Nb5 d6 6. N1c3 a6 7. Na3 b5 8. Nd5
Nge7 9. c3 Nxd5 10. Qxd5 Bb7 11. Qd1 Ne7 12. Bd3 d5 13. Qe2 Ng6 14. Nc2 Be7 15.
O-O O-O 16. Re1 Bg5 17. g3 Bxc1 18. Raxc1 Qg5 19. exd5 Nf4 20. Qf3 Bxd5 21. Be4
Nh3+ 22. Kg2 Bxe4 23. Qxe4 Nf4+ 24. Kf1 Ng6 25. h4 Qh5 26. Rcd1 Kh8 27. Kg2
Rae8 28. Nb4 h6 29. Nxa6 f5 30. Qf3 Nxh4+ 31. gxh4 Qg6+ 32. Kh2 Qxa6 33. Qd5
Qf6 34. Qxb5 Qxh4+ 35. Kg1 Re6 36. Rd3 Rg6+ 37. Kf1 e4 38. Rde3 Kh7 39. Ke2 Rg2
40. Rf1 Qg4+ 41. Ke1 Rd8 42. Qe2 Qg6 43. b4 Re8 44. Qc2 f4 45. Re2 Kh8 46. a4
Qc6 47. c4 e3 48. f3 Rxe2+ 49. Kxe2 Rd8 50. Rd1 Rxd1 51. Kxd1 Qxf3+ 52. Qe2 Qe4
53. Qc2 Qh1+ 54. Ke2 Qh5+ 55. Kd3 Qf5+ 56. Kc3 Qe5+ 57. Kd3 f3 58. Qc1 Qf5+ 59.
Kc3 f2 0-1

[Event "FRA T U 20"]
[Site "Creteil"]
[Date "2009.??.??"]
[Round "1.3"]
[White "Ralaivao, Maxence"]
[Black "Bellaiche, Elise"]
[Result "1/2-1/2"]
[WhiteElo "1796"]
[BlackElo "1858"]
[PlyCount "69"]
[EventDate "2009.??.??"]
[EventType "team-match"]
[EventCountry "FRA"]

1. d4 d5 2. c4 c6 3. Nf3 Nf6 4. Nc3 dxc4 5. a4 Bf5 6. e3 Na6 7. Bxc4 Nb4 8. O-O
e6 9. Qe2 Nbd5 10. h3 Bb4 11. Na2 Be7 12. Nh4 Be4 13. Nc3 O-O 14. Nxe4 Nxe4 15.
Nf3 f5 16. Nd2 Bg5 17. Nxe4 fxe4 18. Qg4 Qf6 19. Qxe4 Rae8 20. Bd2 Kh8 21. Qc2
Qf7 22. f4 Bf6 23. Rf3 g6 24. Bc3 Qc7 25. Raf1 c5 26. Bxd5 exd5 27. dxc5 Qg7
28. Bxf6 Rxf6 29. Rd1 Qf7 30. Qb3 Rd8 31. e4 d4 32. Qxf7 Rxf7 33. g3 Rc7 34.
Rfd3 Rxc5 35. b3 1/2-1/2

[Event "FRA T U 20"]
[Site "Creteil"]
[Date "2009.??.??"]
[Round "1.4"]
[White "Quinqueneau, Dylan"]
[Black "Stark, Gabriel"]
[Result "1/2-1/2"]
[WhiteElo "1660"]
[BlackElo "1730"]
[PlyCount "112"]
[EventDate "2009.??.??"]
[EventType "team-match"]
[EventCountry "FRA"]

1. e4 e6 2. d4 d5 3. Nd2 Nf6 4. e5 Nfd7 5. Bd3 c5 6. c3 Nc6 7. Ne2 Qb6 8. Nf3
Be7 9. O-O O-O 10. Rb1 f6 11. Nf4 fxe5 12. Nxe6 Rf6 13. Nxc5 e4 14. Nxe4 dxe4
15. Bxe4 Rf8 16. Re1 Bf6 17. Be3 Qc7 18. Qd3 h6 19. Bd5+ Kh8 20. Qg6 Ne7 21.
Qh5 Nxd5 22. Qxd5 Nb6 23. Qh5 Kg8 24. Rbc1 Nc4 25. b3 Nxe3 26. fxe3 Be6 27. e4
Bf7 28. Qf5 Be7 29. Qb5 a6 30. Qd3 Bh5 31. Rf1 Bxf3 32. Rxf3 Rxf3 33. Qxf3 Rf8
34. Qd3 Qf4 35. Rf1 Qxf1+ 36. Qxf1 Rxf1+ 37. Kxf1 Ba3 38. c4 Kf7 39. Ke2 Ke6
40. Kd3 b6 41. h3 Kf6 42. e5+ Kf5 43. g4+ Ke6 44. Ke4 g6 45. h4 a5 46. d5+ Ke7
47. h5 gxh5 48. gxh5 Bc1 49. Kf5 Bg5 50. a4 Kd7 51. Kg6 Bf4 52. e6+ Kd6 53. Kf7
Bg5 54. Kf8 Bf6 55. Ke8 Bh4 56. Kf7 Bg5 1/2-1/2

[Event "FRA T U 20"]
[Site "Creteil"]
[Date "2009.??.??"]
[Round "1.5"]
[White "Stark, Antoine"]
[Black "Ek, Alexandre"]
[Result "0-1"]
[WhiteElo "1684"]
[BlackElo "1809"]
[PlyCount "78"]
[EventDate "2009.??.??"]
[EventType "team-match"]
[EventCountry "FRA"]

1. d4 c5 2. d5 e6 3. c4 Nf6 4. Nc3 exd5 5. cxd5 d6 6. e4 g6 7. f4 Bg7 8. Be2
O-O 9. Nf3 b5 10. Bxb5 Nxe4 11. Nxe4 Qa5+ 12. Nc3 Bxc3+ 13. bxc3 Qxb5 14. Qd2
Re8+ 15. Kf2 Ba6 16. Re1 Nd7 17. Bb2 c4 18. Ba3 Nf6 19. Kf1 Qxd5 20. Bxd6 Qd3+
21. Qxd3 cxd3 22. Rxe8+ Rxe8 23. Be5 Ng4 24. Bd4 Ne3+ 25. Bxe3 Rxe3 26. Nd4 d2+
27. Kf2 Rxc3 28. Rd1 Rd3 29. Nc6 Bb5 30. Ne5 Rd6 31. Ke3 f6 32. Ng4 Re6+ 33.
Kd4 Be2 34. Nh6+ Kg7 35. Rxd2 Kxh6 36. Kd5 Re8 37. Kc6 Bc4 38. Kb7 a6 39. Kc7
Re2 0-1

[Event "FRA T U 20"]
[Site "Creteil"]
[Date "2009.??.??"]
[Round "1.6"]
[White "Le Menelec, Erwan Son"]
[Black "Boudia, Samy"]
[Result "0-1"]
[WhiteElo "1699"]
[BlackElo "1615"]
[PlyCount "67"]
[EventDate "2009.??.??"]
[EventType "team-match"]
[EventCountry "FRA"]

1. e4 d6 2. d4 g6 3. Nf3 Bg7 4. Nc3 Nf6 5. Be3 O-O 6. Bd3 Nbd7 7. h3 Re8 8. O-O
e5 9. Qe2 exd4 10. Bxd4 c5 11. Bxf6 Nxf6 12. Bb5 Re7 13. Bc4 Rb8 14. Ng5 Be6
15. Nxe6 fxe6 16. a3 d5 17. exd5 exd5 18. Bxd5+ Kh8 19. Qc4 Nxd5 20. Nxd5 Rd7
21. Nc3 Rc8 22. Rad1 Bxc3 23. Qxc3+ Kg8 24. Rxd7 Qxd7 25. Re1 Re8 26. Rxe8+
Qxe8 27. Qb3+ Kh8 28. Qxb7 Qe1+ 29. Kh2 Qe5+ 30. g3 Qf6 31. Kg2 c4 32. Qb4 Qc6+
33. Kg1 Qc8 34. Qc3+ 0-1

[Event "FRA T U 20"]
[Site "Creteil"]
[Date "2009.??.??"]
[Round "2.1"]
[White "Loiseau, Quentin"]
[Black "Romero, Vladimir"]
[Result "1-0"]
[WhiteElo "2130"]
[BlackElo "1778"]
[PlyCount "65"]
[EventDate "2009.??.??"]
[EventType "team-match"]
[EventCountry "FRA"]

1. d4 d5 2. c4 Nc6 3. Nc3 dxc4 4. Nf3 e6 5. e4 Bb4 6. Bxc4 Nf6 7. Bd3 h6 8. O-O
O-O 9. Bc2 b6 10. Qd3 Be7 11. a3 Nd7 12. e5 f5 13. exf6 Nxf6 14. Bxh6 Qe8 15.
Ne4 Qh5 16. Nxf6+ Bxf6 17. Qh7+ Kf7 18. Ng5+ Ke7 19. Bxg7 Qxh7 20. Bxf8+ Kxf8
21. Nxh7+ Kf7 22. Nxf6 Kxf6 23. Be4 Bb7 24. Rfc1 Na5 25. Bxb7 Nxb7 26. Rxc7 Nd6
27. Rd7 Nf5 28. g4 Rg8 29. f3 Ne3 30. Kf2 Nd5 31. Rc1 Rh8 32. Kg3 Kg5 33. h4+
1-0

[Event "FRA T U 20"]
[Site "Creteil"]
[Date "2009.??.??"]
[Round "2.2"]
[White "Clement, Alexandre"]
[Black "Gelin, Baptiste"]
[Result "1/2-1/2"]
[WhiteElo "1805"]
[BlackElo "1872"]
[PlyCount "51"]
[EventDate "2009.??.??"]
[EventType "team-match"]
[EventCountry "FRA"]

1. e4 e5 2. Nf3 Nc6 3. Bc4 Bc5 4. c3 Nf6 5. d3 a6 6. Bb3 Ba7 7. h3 d6 8. Nbd2
O-O 9. Nf1 Ne7 10. Ng3 Ng6 11. O-O Nf4 12. Nh2 Kh8 13. Qf3 Ng6 14. Bg5 Be6 15.
Bxf6 Qxf6 16. Qxf6 gxf6 17. Nf3 Rg8 18. Kh2 Nf4 19. Rad1 Rg7 20. d4 Rag8 21.
Rd2 h5 22. Rg1 c6 23. Nh4 d5 24. exd5 cxd5 25. Bd1 e4 26. Be2 1/2-1/2

[Event "FRA T U 20"]
[Site "Creteil"]
[Date "2009.??.??"]
[Round "2.3"]
[White "Rouffignac, Tanguy"]
[Black "Bellaiche, Elise"]
[Result "1-0"]
[WhiteElo "1836"]
[BlackElo "1858"]
[PlyCount "39"]
[EventDate "2009.??.??"]
[EventType "team-match"]
[EventCountry "FRA"]

1. e4 e6 2. d4 d5 3. e5 c5 4. c3 Qb6 5. Nf3 Bd7 6. a3 cxd4 7. cxd4 Bb5 8. Bxb5+
Qxb5 9. Nc3 Qa6 10. b4 Qc4 11. Bb2 a5 12. Qa4+ Nd7 13. Rc1 Ra6 14. Nb5 axb4 15.
Rxc4 Rxa4 16. Rc8+ Ke7 17. Nd6 Ngf6 18. Ng5 Nb6 19. Rb8 Nfd7 20. Re8# 1-0

[Event "FRA T U 20"]
[Site "Creteil"]
[Date "2009.??.??"]
[Round "2.4"]
[White "Quinqueneau, Dylan"]
[Black "Pruvot, Louis"]
[Result "0-1"]
[WhiteElo "1660"]
[BlackElo "1826"]
[PlyCount "108"]
[EventDate "2009.??.??"]
[EventType "team-match"]
[EventCountry "FRA"]

1. e4 e5 2. Nf3 Nc6 3. Bb5 a6 4. Ba4 Nf6 5. d4 exd4 6. O-O b5 7. Bb3 d6 8. Bg5
Be7 9. Re1 Bg4 10. Nbd2 O-O 11. h3 Bh5 12. Qe2 Ne5 13. Rad1 c5 14. g4 Bg6 15.
Nxe5 dxe5 16. c4 Rb8 17. Bc2 Nd7 18. Bxe7 Qxe7 19. Nf3 f6 20. Bb3 Bf7 21. Rc1
Rfc8 22. Red1 Nb6 23. Nd2 Qd7 24. f3 Rc7 25. cxb5 axb5 26. Bxf7+ Kxf7 27. b3
Rbc8 28. Kg2 c4 29. bxc4 bxc4 30. Rb1 Na4 31. Rbc1 Qe6 32. Qf2 c3 33. Nb3 Nb2
34. Nxd4 exd4 35. Rxd4 Rd7 36. Rxd7+ Qxd7 37. Qc2 Qd2+ 38. Kg3 Qxc2 39. Rxc2
Na4 40. Kf4 Rb8 41. Ke3 Rb2 42. Rc1 Rxa2 43. h4 c2 44. Kd2 Nc5 45. Rxc2 Rxc2+
46. Kxc2 Ke6 47. Kd2 Ke5 48. Ke3 Ne6 49. g5 Nf4 50. Kf2 h5 51. gxh6 gxh6 52.
Kg3 h5 53. Kf2 Kd4 54. Kg3 Ke3 0-1

[Event "FRA T U 20"]
[Site "Creteil"]
[Date "2009.??.??"]
[Round "2.5"]
[White "Guerlach, Keigo"]
[Black "Ek, Alexandre"]
[Result "1/2-1/2"]
[WhiteElo "1640"]
[BlackElo "1809"]
[PlyCount "81"]
[EventDate "2009.??.??"]
[EventType "team-match"]
[EventCountry "FRA"]

1. e4 c5 2. c3 Nf6 3. e5 Nd5 4. Nf3 Nc6 5. Bc4 e6 6. Bxd5 exd5 7. d4 d6 8. exd6
Bxd6 9. dxc5 Bxc5 10. O-O O-O 11. Nbd2 Bg4 12. h3 Bxf3 13. Nxf3 a5 14. Re1 Qb6
15. Rf1 d4 16. cxd4 Nxd4 17. Nxd4 Bxd4 18. Qb3 Rfe8 19. Qxb6 Bxb6 20. Bd2 Bd4
21. Bc3 Bxc3 22. bxc3 Re2 23. Rfe1 Rae8 24. Kf1 Rxe1+ 25. Rxe1 Kf8 26. Rxe8+
Kxe8 27. Ke2 Ke7 28. Ke3 Ke6 29. Ke4 b5 30. a3 f5+ 31. Kd4 Kd6 32. f4 h6 33. h4
g6 34. c4 Kc6 35. cxb5+ Kxb5 36. Kc3 Ka4 37. Kb2 Kb5 38. Kc3 h5 39. g3 Kc5 40.
a4 Kd5 41. Kd3 1/2-1/2